LEADER 00989cam0-22003371i-450- 001 990007076850403321 005 20130619101519.0 010 $a88-207-3138-X 035 $a000707685 035 $aFED01000707685 035 $a(Aleph)000707685FED01 035 $a000707685 100 $a20020502d1999----km-y0itay50------ba 101 0 $aita 102 $aIT 105 $ay-------001yy 200 1 $a<>cittą$ei classici della sociologia$f[a cura di] Franco Martinelli$g[scritti di] Bauman... [et al.] 210 $aNapoli$cLiguori$d1999 215 $a430 p.$d24 cm 225 1 $aProfili$iSocietą, territorio e ambiente$v10 610 0 $aComunitą urbane 676 $a307.76$v21$zita 702 1$aMartinelli,$bFranco$f<1933- > 702 1$aBauman,$bZygmunt$f<1925- > 801 0$aIT$bUNINA$gRICA$2UNIMARC 901 $aBK 912 $a990007076850403321 952 $aCollez. 1968 (10)$b36957$fFSPBC$mIX A 959 $aFSPBC 996 $aCittą$9156490 997 $aUNINA